Koncepcia kľúčových kompetencií a jej implementácia v cvičnej firme
Koncepcia cvičnej firmy v podmienkach nášho školstva. Rozširovanie vedomostí a získavanie odbornej spôsobilosti kľúčových kompetencií. Kľúčové kompetencie z pohľadu hospodárskej praxe.
Uložené v:
| Hlavný autor: | |
|---|---|
| Médium: | Kapitola |
| Jazyk: | Slovak |
| Predmet: | |
| Tagy: |
Žiadne tagy, Buďte prvý, kto otaguje tento záznam!
|
MARC
| LEADER | 00000naa$a2200000$$$4500 | ||
|---|---|---|---|
| 001 | 0129142 | ||
| 005 | 20240502072500.9 | ||
| 041 | 0 | |a slo | |
| 044 | |a SK | ||
| 245 | 1 | 0 | |a Koncepcia kľúčových kompetencií a jej implementácia v cvičnej firme |c Ľudmila Velichová |
| 520 | |a Koncepcia cvičnej firmy v podmienkach nášho školstva. Rozširovanie vedomostí a získavanie odbornej spôsobilosti kľúčových kompetencií. Kľúčové kompetencie z pohľadu hospodárskej praxe. | ||
| 610 | 2 | 0 | |a školstvo |
| 610 | 2 | 0 | |a školy vysoké |
| 610 | 2 | 0 | |a vzdelávanie vysokoškolské |
| 610 | 2 | 0 | |a predmety učebné |
| 610 | 2 | 0 | |a vyučovanie |
| 610 | 2 | 0 | |a vedomosti |
| 610 | 2 | 0 | |a firmy cvičné |
| 610 | 2 | 0 | |a škola a prax |
| 610 | 2 | 0 | |a kvalifikácia |
| 610 | 2 | 0 | |a flexibilita |
| 610 | 2 | 0 | |a kompetencie |
| 100 | 1 | |a Velichová, Ľudmila | |